Cosmo - 99 (Record no. 14063)

MARC details
000 -LEADER
fixed length control field 01103nam a2200277Ia 4500
003 - CONTROL NUMBER IDENTIFIER
control field IN-BaIIA
008 - FIXED-LENGTH DATA ELEMENTS--GENERAL INFORMATION
fixed length control field 211028s9999 xx 000 0 eng d
020 ## - INTERNATIONAL STANDARD BOOK NUMBER
International Standard Book Number 981-02-4456-8
040 ## - CATALOGING SOURCE
Transcribing agency IIA Library
080 ## - UNIVERSAL DECIMAL CLASSIFICATION NUMBER
Universal Decimal Classification number 524.86(082.1)
Item number COS
100 ## - MAIN ENTRY--PERSONAL NAME
Personal name Cotti, U
9 (RLIN) 24708
111 ## - MAIN ENTRY--MEETING NAME
Meeting name or jurisdiction name as entry element International Workshop on Particle Physics and the Early Universe
Number of part/section/meeting 3
Location of meeting Trieste, Italy
Date of meeting or treaty signing 1999 Sep. 27-Oct. 2
9 (RLIN) 24709
245 #0 - TITLE STATEMENT
Title Cosmo - 99
Remainder of title proceedings of the third international workshop on particle physics and the early universe, held in Trieste, Italy, 27 September - 2 October 1999
Statement of responsibility, etc. U. Cotti…[ et al.]
260 ## - PUBLICATION, DISTRIBUTION, ETC.
Place of publication, distribution, etc. Singapore
Name of publisher, distributor, etc. World Scientific
Date of publication, distribution, etc. 2000
300 ## - PHYSICAL DESCRIPTION
Extent xv, 483p.
490 ## - SERIES STATEMENT
Series statement The Abdus Salam International Centre for Theoretical Physics
650 ## - SUBJECT ADDED ENTRY--TOPICAL TERM
Topical term or geographic name entry element Big bang nucleosynthesis
9 (RLIN) 24710
650 ## - SUBJECT ADDED ENTRY--TOPICAL TERM
Topical term or geographic name entry element Dark matter
9 (RLIN) 14945
650 ## - SUBJECT ADDED ENTRY--TOPICAL TERM
Topical term or geographic name entry element High energy cosmic rays
9 (RLIN) 24711
650 ## - SUBJECT ADDED ENTRY--TOPICAL TERM
Topical term or geographic name entry element Neutrinos
9 (RLIN) 1923
650 ## - SUBJECT ADDED ENTRY--TOPICAL TERM
Topical term or geographic name entry element Q-balls
9 (RLIN) 24712
700 ## - ADDED ENTRY--PERSONAL NAME
Personal name Jeannerot, R
9 (RLIN) 24713
700 ## - ADDED ENTRY--PERSONAL NAME
Personal name Senjanovic, G
9 (RLIN) 24714
700 ## - ADDED ENTRY--PERSONAL NAME
Personal name Smirnov, A
9 (RLIN) 24715
942 ## - ADDED ENTRY ELEMENTS (KOHA)
Koha item type Books
Holdings
Withdrawn status Lost status Damaged status Not for loan Home library Current library Shelving location Date acquired Total Checkouts Full call number Barcode Date last seen Price effective from Koha item type
        IIA Library-Bangalore IIA Library-Bangalore General Stacks     524.86(082.1)/ COS 14983 05/11/2021   Books

Powered by Koha